000 00651nam a22002057a 4500
999 _c16321
_d16321
003 AR-CdUCM
008 190503b ||||| |||| 00| 0 spa d
040 _aMUNICIPALIDAD PROVINCIAL DEL CUSCO
_cBIBLIOTECA MUNICIPAL DEL CUSCO
082 _a990.985 /
_bSI58
100 _aSivirichi Tapia, Atilio
_935699
245 _aBreve historia de Nuestro Amor /
260 _aLima :
_bPropiedad del autor,
_c1968.
300 _a240 paginas ;
_bIlustraciones, graficos, dibujos,
_c17 cm.
500 _aHistoria y literatura
650 _aHistoria
_9136
650 _aLiteratura
_983
650 _aPerĂº
_935
942 _2ddc
_cLIBROS
945 _apjha
_d2019-05-03